Dvorní zahradnice. (Záznam č. 34182)

Podrobnosti MARC
000 -Návěští
Řídící pole kódované 24B 01746nam a2200385 i 4500
001 - Kontrolní číslo
Řídící pole proměnné 5230460
003 - Identifikátor kontrolního čísla
Řídící pole proměnné CZ PrSKC
005 - Datum posledního zpracování
Řídící pole 16B 20260417091652.0
007 - Pole pevné délky pro fyzický popis
Řídící pole kódované ta
008 - Údaje pevné délky
Řídící pole kódované 40B 260414s2026 xr g 000 f cze
020 ## - ISBN
ISBN 9788024956428
040 ## - Zdroj katalogizace-agentura
Agentura původní katalogizace ABG001
Jazyk katalogizace cze
Použitá pravidla popisu rda
041 1# - Kód jazyka
Kód jazyka textu/zvuku, mezititulků cze
Kód jazyka originálu ger
072 #7 - Kód předmětové kategorie - Konspekt
Předmětová kategorie 821.112.2-3
Zpřesnění předmětové kategorie Německá próza, německy psaná
Zdroj předmětové klasifikace Konspekt
080 ## - MDT
Klasifikační znak MDT 821.112.2-31
Idetifikátor vydání MDT MRF
080 ## - MDT
Klasifikační znak MDT (0:82-31)-055.2
Idetifikátor vydání MDT MRF
100 1# - Hlavní záhlaví - osobní jméno autora
Osobní jméno Rosenthal, Rena
Kód role aut
9 (RLIN) 16049
240 10 - Unifikovaný název
Unifikovaný název <a href="Sommerleuchten.">Sommerleuchten.</a>
Jazyk díla Česky
245 10 - Údaje o názvu
Název Dvorní zahradnice.
Název části/sekce díla Letní záře /
Údaj o odpovědností, atd. Rena Rosenthal ; přeložila Zdeňka Březinová
246 30 - Variantní vázvy
Hlavní název/zkrácený název Letní záře
250 ## - Údaje o vydání
Označení vydání Vydání první
264 #1 - Nakladatelské údaje
Místo vydání Praha :
Nakladatel Ikar,
Rok vydání 2026
300 ## - Fyzický popis
Rozsah 517 stran ;
Rozměry 24 cm
500 ## - Všeobecná poznámka
Text obecné poznámky Přeloženo z němčiny
520 2# - Anotace
Anotace, atd. Pokračování ságy o dvorní zahradnici. Marleena a její snoubenec Julius si touží splnit svůj sen - založit vlastní zahradnictví.
Rozšířený text anotace Oldenburg, rok 1893: Marleene a její snoubenec sní o tom, že si založí vlastní zahradnictví, kde budou pěstovat voňavé šeříky a nádherné rododendrony. Když se jim naskytne příležitost obhospodařovat kousek země, nemohou uvěřit svému štěstí. Ocenění na hamburské zahradní výstavě by jim navíc mohlo přinést vytoužený titul „dvorní zahradnictví“. Vybudovat však zahradnictví z ničeho v tak krátké době vyžaduje velké oběti.
655 #7 - Rejstříkový termín - žánr/forma
Žánr/forma či základní termín německé romány
-- 47
655 #7 - Rejstříkový termín - žánr/forma
Žánr/forma či základní termín romány pro ženy
-- 1646
655 #9 - Rejstříkový termín - žánr/forma
Žánr/forma či základní termín German fiction
-- 48
655 #9 - Rejstříkový termín - žánr/forma
Žánr/forma či základní termín women's novels
-- 6833
700 1# - Vedlejší záhlaví - osobní jméno autora
Osobní jméno Březinová, Zdeňka
Kód role trl
9 (RLIN) 20659
710 2# - Vedlejší záhlaví - jméno korporativního autora
Jméno korporace nebo jurisdikce Ikar (nakladatelství)
Kód role pbl
9 (RLIN) 20498
765 0# - Záhlaví v originálním jazyce
Název Hofgärtnerin
910 ## - Údaje o vlastníkovi jednotky (exempláře)
Sigla vlastníka jednotky ABG508
Jednotky
Stav ztráty Zdroj klasifikace pro skladování Stav poškození
  Universal Decimal Classification  

Používáme knihovní systém Koha